Zvyšování účinnosti inovační aktivity v československém průmyslu

Guardado en:
Detalles Bibliográficos
Autor principal: Klimešová, Milada
Otros Autores: Šlancarová, Helena
Formato: Libro
Lenguaje:checo
Publicado: Praha Inst. říz. 1987
Edición:1. vyd.
Colección:Výsledky výzkumu IŘ F 70
Etiquetas: Agregar Etiqueta
Sin Etiquetas, Sea el primero en etiquetar este registro!

MARC

LEADER 00000nam a2200000 4500
001 c023292
005 20221219103808.3
041 0 |a cze 
044 |a CZ 
245 1 0 |a Zvyšování účinnosti inovační aktivity v československém průmyslu  |c Milada Klimešová, Helena Šlancarová 
250 |a 1. vyd. 
264 1 |a Praha  |b Inst. říz.  |c 1987 
300 |a 76 s. 
490 1 |a Výsledky výzkumu IŘ  |v F 70 
830 0 |a Výsledky výzkumu IŘ  |v F 70 
100 1 |a Klimešová, Milada 
700 1 |a Šlancarová, Helena